| 000 | 01277nam a2200325 i 4500 | ||
|---|---|---|---|
| 003 | IT-RoINE | ||
| 005 | 20170601105424.0 | ||
| 008 | 920725s1975 sp r 1 | spa d | ||
| 020 | _a8472990362 | ||
| 040 |
_aSpMaBN _bspa _cA2 _dIT-RoINE |
||
| 041 | 1 |
_aspa _heng |
|
| 100 | 1 |
_aLinehan, Peter, _97045 _d1943- |
|
| 240 | 0 | 4 |
_aThe Spanish church and the Papacy in the thirteenth century. _lEspañol |
| 245 | 1 | 3 |
_aLa iglesia española y el papado en el S. XIII / _cPeter Linehan ; [traducción de Pedro Borges Morán] |
| 260 |
_aSalamanca : _bUniversidad Pontificia, _c1975. |
||
| 300 |
_aLXI, 319 p. ; _c24 cm. |
||
| 336 |
_2rdacontent _atext |
||
| 337 |
_2rdamedia _aunmediated |
||
| 338 |
_2rdacarrier _avolume |
||
| 490 | 1 |
_aBibliotheca Salmanticensis ; _v5 |
|
| 490 | 1 |
_aBibliotheca Salmanticensis. _aEstudios ; _v4 |
|
| 500 | _aTraducción de: The Spanish church and the Papacy in the thirteenth century. | ||
| 500 | _aInclye índices. | ||
| 504 | _aIncluye referencias bibliográficas en nota. | ||
| 651 | 4 |
_92489 _aEspaña _xHistoria eclesiástica _y711-1492 (Época musulmana) |
|
| 700 | 1 |
_915931 _aBorges Morán, Pedro, _d1929- |
|
| 830 | 0 |
_925315 _aBibliotheca Salmanticensis ; _v5 |
|
| 830 | 0 |
_93087 _aBibliotheca Salmanticensis. _pEstudios ; _v4 |
|
| 942 | _cMTS | ||
| 999 |
_c12476 _d12476 |
||